Tennisti con più partite vinte Indoor - Statistics

Statistiche generali
  • Questo quiz è stato fatto 4 volte
  • Il punteggio medio è 3 su 7
Statistiche sulle risposte
Nazione Partite vinte indoor Tennista % Corretto
Cecoslovacchia / Stati Uniti 341 Ivan Lendl
100%
Stati Uniti 487 Jimmy Connors
75%
Stati Uniti 423 John McEnroe
75%
Romania 309 Ilie Năstase
50%
Stati Uniti 339 Arthur Ashe
25%
Stati Uniti 307 Brian Gottfried
0%
Stati Uniti 303 Stan Smith
0%
Nessun quiz corrispondente trovato
Distribuzione punteggi
Percentuale di utenti per punteggio
Percentile per numero di risposta
I tuoi punteggi nel tempo
Non hai fatto questo quiz